| 000 | 00456nam a2200157 i 4500 | ||
|---|---|---|---|
| 001 | 79176 | ||
| 003 | ES-MaACL | ||
| 005 | 20230906173924.0 | ||
| 007 | t| | ||
| 008 | 041020s1957 sp ||||1| spa d | ||
| 100 | 1 |
_aHernández González, Luis. _962949 |
|
| 245 | 1 | 0 |
_aSilencios en la cumbre _b: (poesías) / _cLuis Hernández Gómez. |
| 260 |
_aMadrid : _b[s.n., _c1957] ( _fMaestre) |
||
| 300 |
_a233 p. ; _c22 cm. |
||
| 852 |
_aES-MaACL _jC-14360 _bR.42295 |
||
| 999 |
_c79176 _d79176 |
||